Comercio exterior de Costa Rica - año 1962
La institución da información estadística sobre el comportamiento del comercio exterior de Costa Rica, especialmente para los años 1961-1962. Se dan datos acerca de las importaciones y exportaciones y de éstas, las que se refieren al cacao, café y banano. En algunos casos se proporcionan estadística...
Saved in:
| Corporate Author: | |
|---|---|
| Format: | Text |
| Published: |
San José :
DGEC
|
| Subjects: | |
| Tags: |
Add Tag
No Tags, Be the first to tag this record!
|
MARC
| LEADER | 00000 a a2200000 04500 | ||
|---|---|---|---|
| 001 | 13196 | ||
| 003 | |||
| 040 | |||
| 090 | |a 0001 CR8375c 1962 | ||
| 110 | |a Costa Rica. Ministerio de Economía, Industria y Comercio. Dirección General de Estadísticas y Censos | ||
| 245 | |a Comercio exterior de Costa Rica - año 1962 | ||
| 260 | |a San José : |b DGEC | ||
| 300 | |a 498 p | ||
| 300 | |b **no definido** | ||
| 520 | |a La institución da información estadística sobre el comportamiento del comercio exterior de Costa Rica, especialmente para los años 1961-1962. Se dan datos acerca de las importaciones y exportaciones y de éstas, las que se refieren al cacao, café y banano. En algunos casos se proporcionan estadísticas desde la década de los cincuenta, de tal forma que se puedan hacer análisis comparativos de esos rubros y de la balanza comercial de Costa Rica. LOB/mb | ||
| 650 | |a EXPORTACIONES | ||
| 650 | |a IMPORTACIONES | ||
| 650 | |a METODOLOGIA | ||
| 650 | |a IMPORTACIONES | ||
| 650 | |a EXPORTACIONES | ||
| 650 | |a BALANZA COMERCIAL | ||
| 650 | |a COMERCIO EXTERIOR | ||
| 650 | |a IMPUESTOS | ||
| 650 | |a VALOR DE LAS EXPORTACIONES | ||
| 650 | |a VOLUMEN | ||
| 650 | |a BANANOS | ||
| 650 | |a CAFE | ||
| 650 | |a EXENCIONES TRIBUTARIAS | ||
| 999 | |c 12090 |d 12090 | ||
